[Event "Paracin Summer op-A 12th"]
[Site "Paracin"]
[Date "2019.07.12"]
[Round "9"]
[White "Kantorik, Marian"]
[Black "Mammadov, Mustafa Huseyn Oglu"]
[Result "1/2-1/2"]
[WhiteElo "2196"]
[BlackElo "2005"]
[PlyCount "100"]
[EventDate "2019.07.05"]
[EventType "swiss"]
[EventRounds "9"]
[EventCountry "SRB"]
[SourceTitle "EXT 2022"]
[Source "ChessBase"]
[SourceDate "2021.10.06"]
[SourceVersion "1"]
[SourceVersionDate "2021.10.06"]
[SourceQuality "1"]

1. d4 Nf6 2. c4 g6 3. Nc3 d5 4. Nf3 Bg7 5. Bg5 Ne4 6. Bh4 Nxc3 7. bxc3 dxc4 8. Qa4+ c6 9. Qxc4 b6 10. Qb4 Ba6 11. e3 Bxf1 12. Kxf1 h6 13. Ke2 g5 14. Bg3 Nd7 15. Rhd1 0-0 16. Kf1 Re8 17. a4 Qc8 18. Kg1 Nf6 19. Qb3 Ne4 20. Nd2 Nxd2 21. Rxd2 e6 22. a5 b5 23. a6 Qd7 24. Qd1 Qd5 25. h4 Rac8 26. Rb1 Red8 27. hxg5 hxg5 28. Qg4 Bf6 29. e4 Qc4 30. Bf4 Qxc3 31. Bxg5 Bxg5 32. Qxg5+ Kf8 33. Rbd1 Qb4 34. Rd3 Qe7 35. Qh5 Ke8 36. Rg3 Kd7 37. d5 cxd5 38. exd5 e5 39. Rg7 Rf8 40. Qg4+ Kd6 41. Rh7 Rc4 42. Qf5 b4 43. Rh6+ f6 44. Qd3 Rd4 45. Qb3 Rxd1+ 46. Qxd1 Qc7 47. Rh4 Qc3 48. Qg4 Rb8 49. Kh2 Qc5 50. Rh7 Qb5 1/2-1/2

[Event "Paracin Summer op-A 12th"]
[Site "Paracin"]
[Date "2019.07.11"]
[Round "8"]
[White "Mammadov, Mustafa Huseyn Oglu"]
[Black "Banovic, Ivan"]
[Result "0-1"]
[WhiteElo "2005"]
[BlackElo "2227"]
[PlyCount "120"]
[EventDate "2019.07.05"]
[EventType "swiss"]
[EventRounds "9"]
[EventCountry "SRB"]
[SourceTitle "EXT 2022"]
[Source "ChessBase"]
[SourceDate "2021.10.06"]
[SourceVersion "1"]
[SourceVersionDate "2021.10.06"]
[SourceQuality "1"]

1. d4 Nf6 2. c4 g6 3. Nf3 Bg7 4. g3 0-0 5. Bg2 d6 6. 0-0 Nc6 7. Nc3 Bg4 8. h3 Bxf3 9. Bxf3 Nd7 10. e3 e5 11. dxe5 Ndxe5 12. Be2 Qd7 13. Kg2 Na5 14. Qd5 b6 15. f4 c6 16. Qe4 Nexc4 17. Bxc4 Bxc3 18. Bd3 f5 19. Qf3 Bg7 20. e4 fxe4 21. Bxe4 d5 22. Bd3 c5 23. f5 Nc6 24. Bf4 Nd4 25. Qg4 Nxf5 26. Rf2 Rae8 27. Kh2 c4 28. Bf1 b5 29. h4 Qe6 30. Bh3 d4 31. h5 d3 32. Raf1 b4 33. hxg6 hxg6 34. Qf3 Qe4 35. Qg4 Qe6 36. Qf3 Rd8 37. Rd1 Qd5 38. Qg4 Qc6 39. Bg2 Qe6 40. Qf3 Nd4 41. Qe4 Qxe4 42. Bxe4 g5 43. Be3 Rxf2+ 44. Bxf2 b3 45. axb3 Nxb3 46. Bxa7 Bxb2 47. Bb6 Rd6 48. Bc7 Rd7 49. Bb6 Kg7 50. Bf5 Rd6 51. Bc7 Rc6 52. Bd8 Bf6 53. Be4 Re6 54. Bxf6+ Kxf6 55. Bd5 Re2+ 56. Kh3 Rc2 57. Kg4 d2 58. Kf3 Ke5 59. Bg8 Kd4 60. Ke2 Rc1 0-1

[Event "Paracin Summer op-A 12th"]
[Site "Paracin"]
[Date "2019.07.10"]
[Round "7"]
[White "Wadsworth, Matthew J"]
[Black "Mammadov, Mustafa Huseyn Oglu"]
[Result "1-0"]
[WhiteElo "2418"]
[BlackElo "2005"]
[PlyCount "75"]
[EventDate "2019.07.05"]
[EventType "swiss"]
[EventRounds "9"]
[EventCountry "SRB"]
[SourceTitle "EXT 2020"]
[Source "ChessBase"]
[SourceDate "2019.10.17"]
[SourceVersion "1"]
[SourceVersionDate "2019.10.17"]
[SourceQuality "1"]

1. g3 d5 2. Nf3 Nf6 3. Bg2 g6 4. c4 c6 5. b3 Bg7 6. Bb2 0-0 7. 0-0 Nbd7 8. Nc3 e5 9. cxd5 Nxd5 10. Ne1 Nxc3 11. Bxc3 Qe7 12. d3 Re8 13. Qd2 Nf8 14. b4 Ne6 15. Nf3 Nd4 16. Rfb1 Bg4 17. Bxd4 exd4 18. Rb2 Qd6 19. h3 Be6 20. a4 Bd5 21. Rc1 Re7 22. Rcc2 Rae8 23. Qc1 a5 24. bxa5 Qa3 25. Qb1 Qxa4 26. Ng5 Bxg2 27. Ra2 Qb5 28. Qxb5 cxb5 29. Kxg2 f5 30. Nf3 Re6 31. Rcb2 Ra8 32. Rxb5 Rea6 33. Rxb7 Rxa5 34. Rxa5 Rxa5 35. Rb8+ Kf7 36. Ng5+ Ke7 37. Rb7+ Kf8 38. Ne6+ 1-0

[Event "Paracin Summer op-A 12th"]
[Site "Paracin"]
[Date "2019.07.09"]
[Round "5"]
[White "Jocev, Milan"]
[Black "Mammadov, Mustafa Huseyn Oglu"]
[Result "1/2-1/2"]
[WhiteElo "2297"]
[BlackElo "2005"]
[PlyCount "96"]
[EventDate "2019.07.05"]
[EventType "swiss"]
[EventRounds "9"]
[EventCountry "SRB"]
[SourceTitle "CBM 191 Extra"]
[Source "ChessBase"]
[SourceDate "2019.09.30"]
[SourceVersion "1"]
[SourceVersionDate "2019.09.30"]
[SourceQuality "1"]

1. d4 Nf6 2. Bg5 d5 3. Bxf6 exf6 4. e3 Bd6 5. g3 0-0 6. Bg2 c6 7. Nd2 Re8 8. Ne2 Nd7 9. 0-0 f5 10. c4 dxc4 11. Nxc4 Bc7 12. d5 cxd5 13. Qxd5 Ne5 14. Rfd1 Qxd5 15. Bxd5 Be6 16. Rac1 Rad8 17. Bxe6 fxe6 18. Rxd8 Rxd8 19. Nd4 Kf7 20. Nxe5+ Bxe5 21. Nf3 Bd6 22. Kf1 Kf6 23. Ke2 g5 24. h3 h5 25. Rc4 g4 26. hxg4 hxg4 27. Ne1 Rd7 28. Nd3 Rc7 29. Rxc7 Bxc7 30. Kd2 Ke7 31. Kc3 Kd6 32. Kc4 a6 33. a4 Kc6 34. Nb4+ Kd6 35. b3 e5 36. Nc2 Kc6 37. Kd3 Kd5 38. Ne1 b5 39. axb5 axb5 40. Ng2 Ba5 41. Nh4 Ke6 42. e4 f4 43. Nf5 Bb6 44. Ke2 f3+ 45. Ke1 Kf6 46. Nd6 b4 47. Nc4 Bd4 48. Kf1 Ke6 1/2-1/2